Horror Movie Franchises #7: Saw - Statistics

General Stats
  • This quiz has been taken 310 times
  • The average score is 7 of 10
Answer Stats
Movie % Correct
Saw
100%
Saw II
85%
Saw III
85%
Saw V
85%
Saw IV
84%
Saw VI
81%
Jigsaw
79%
Saw X
76%
Spiral: From the Book of Saw
33%
Saw 3D: The Final Chapter
19%
No matching quizzes found
Score Distribution
Percent of People with Each Score
Percentile by Number Answered
Your Score History
You have not taken this quiz